Estudio de pre factibilidad para la instalación de una planta procesadora comercializadora de harina a base de plátano ubicada en la ciudad de Rivas en el periodo de 2016-2020
El presente proyecto consiste en el estudio de pre factibilidad de la instalación de la planta procesadora y comercializadora de harina a base de plátano ubicada en la ciudad de Rivas en el periodo del 2016-2020. El objetivo principal del estudio de mercado es verificar la posibilidad de introduci...
| Main Authors: | , , |
|---|---|
| Other Authors: | |
| Format: | Tesis Section = Libro |
| Language: | Undetermined Spanish |
| Published: |
Managua
UNI
2016
|
| Subjects: |
| LEADER | 01375nam a2200277Ia 4500 | ||
|---|---|---|---|
| 008 | 240830s9999 xx 000 0 und d | ||
| 040 | |a BIBLIOTECA-RUPAP Mon 658.11 A189 | ||
| 041 | |a spa | ||
| 082 | |a Mon 658.11 A189 | ||
| 100 | 1 | |a Acuña Collado, Magdiel Jonathan | |
| 100 | 1 | |b Méndez Sevilla, Ernesto Juvenal | |
| 100 | 1 | |c Suárez Hernández, David Ezequiel | |
| 245 | 1 | 0 | |a Estudio de pre factibilidad para la instalación de una planta procesadora comercializadora de harina a base de plátano ubicada en la ciudad de Rivas en el periodo de 2016-2020 |
| 260 | |a Managua |b UNI |c 2016 | ||
| 300 | |a 169 p. :il. | ||
| 500 | |a Contiene: anexos y CD. | ||
| 502 | |a Tesis (Ingeniero Industrial)- UNI, 2016. | ||
| 520 | 3 | |a El presente proyecto consiste en el estudio de pre factibilidad de la instalación de la planta procesadora y comercializadora de harina a base de plátano ubicada en la ciudad de Rivas en el periodo del 2016-2020. El objetivo principal del estudio de mercado es verificar la posibilidad de introducir el producto en un mercado determinado. | |
| 650 | 7 | |a NUEVOS NEGOCIOS | |
| 650 | 7 | |b PLANTA PROCESADORA DE HARINA DE PLATANOS-PROYECTOS | |
| 650 | 7 | |c ESTUDIO DE FACTIBILIDAD | |
| 650 | 7 | |d HARINA DE PLATANOS-INDUSTRIA Y COMERCIO | |
| 700 | 1 | |a Tutor: |b Chavarría González, Denis Róger | |
| 942 | |c BK |2 ddc | ||
| 991 | |a TESIS | ||
| 999 | |c 16835 | ||